| 000 | 00000nam##2200000za#4500 |
| 001 | 9.577606 |
| 003 | CaOODSP |
| 005 | 20210624185706 |
| 007 | cr ||||||||||| |
| 008 | 150406|2005||||xxc|||||o f|0| 0 eng|d |
| 040 | |aCaOODSP|beng |
| 043 | |an-cn--- |
| 086 | 1 |aTU3-8/05-0044E-PDF |
| 110 | 2 |aTransportation Safety Board of Canada. |
| 245 | 10|aCrude oil pipeline rupture - Terasen Pipelines (Trans Mountain) Inc. 508-millimetre-diameter transfer line near Abbotsford, British Columbia, 15 July 2005 |h[electronic resource] |
| 260 | |bTransportation Safety Board of Canada |c[2007]. |
| 300 | |a23p.|bfigs., glossary, map |
| 490 | 1 |aPipeline investigation report |vP05H0044 |
| 590 | |a13-22-Supp|b2013-09-26 |
| 775 | 08|tRupture d'un oléoduc de pétrole brut - Terasen Pipelines (Trans Mountain) Inc. conduite de transfert de 508 millimètres de diamètre près d'Abbotsford (Colombie-Britannique) le 15 juillet 2005 |w(CaOODSP)9.606166 |
| 830 | #0|aPipeline investigation report ;|vP05H0044|w(CaOODSP)9.505671 |
| 856 | 40|ahttp://publications.gc.ca|qPDF|s2315 KB|uhttps://publications.gc.ca/collections/collection_2013/bst-tsb/TU3-8-05-0044-eng.pdf|yP05H0044 |